000 00837nas a2200253 4500
001 BR2011001837
003 BR-BrBNA
005 20231205114926.0
007 ta
008 230509b bl.|||p| |||| 00| 00por d
040 _aBR-BrBNA
_bpor
_cBiblioteca Nacional de Agricultura
041 _a(Pt)
072 _aSem Cat Prim; P06
100 1 _aVieira, J.N. de S.
245 1 _aOs biocombustíveis e a necessidade repensar a política agrícola
650 _aBIOCOMBUSTÍVEL
650 _aSUSTENTABILIDADE
650 _aSUBSÍDIO
650 _aPOLÍTICA AGRICOLA
773 0 _tRevista de Política Agrícola (Brazil)
_xISSN 1413-4969
_g(Jul-Set 2010), v. 19(3) p. 7-20
_wBR2011001837
856 4 _uRev_Pol_Agr_v19_n3-2010.pdf#page=8
_yRecurso eletrônico (PDF)
909 _a202311
_bLúcia
_c55
_dLúcia Elande
942 _2AGRIS
_n0
_cANA
999 _c211255
_d211255